000 00296nam a2200121Ia 4500
008 230303s9999 xx 000 0 und d
041 _aeng
082 _a621.3893 GUL
100 _aGULATI (R.R):
245 _aMonochrome And Colour Television
260 _aNEW DELHI
_bNEW AGE PUB
365 _cRS
999 _c195208
_d195208